00932nam a2200193Ia 4500008004100000020001500041041001200056100001800068245006000086250000800146260002500154300000800179650001400187942000700201999001700208952017100225952017100396952017100567221030s9999 xx 000 0 und d a8120343016 aEnglish aV. A. Pedroni 0aCircuit Design & Simulation with VHDLcby V. A. Pedroni a2nd bPHIaNew Delhic2015 a608 aComputers cBK c16904d16904 pM 3242g645.00i11563l0eRKBr2024-06-10 00:00:00w2022-10-30yBK003Print4071aMIETLIBbMIETLIBcBL-Aacdemic Block B, FL-2, CUP-96, SH-1, R-1d2016-10-0410HMCA pM 3243g645.00i11563l0eRKBr2024-06-10 00:00:00w2022-10-30yBK003Print4070aMIETLIBbMIETLIBcBL-Academic Block B, FL-2, CUP-94, SH-1, R-1d2016-10-0410HMCA pM 3244g645.00i11563l0eRKBr2024-06-10 00:00:00w2022-10-30yBK003Print4070aMIETLIBbMIETLIBcBL-Academic Block B, FL-2, CUP-94, SH-1, R-1d2016-10-0410HMCA